000 00737cam a22002537a 4500
003 CHAP
005 20220329134307.0
008 971013s1965 r 00010 d
010 _a18261
011 _a19233
035 _a23318
040 _cCHAP
082 _a334.09437
_bC45
110 _aCentral Co-operative Council. Praga
_921015
245 1 4 _aThe Czechoslovak co-operative archivement
260 _aPrague :
_bThe Central,
_c1965
300 _a303 p.
590 _aBATCH-UPD
_b10
_c20130110
_lUCH01
_h2246
590 _aCONVERSION
_b10
_c20130109
_lUCH01
_h1311
650 1 4 _aCooperativismo
_xChecoslovaquia.
_927791
901 _aBK
942 _cLIBRO
949 _a334.09437 C45
_bBC
_cLIBRO
_d33724000334132
_eLIBRO
_i23318
_mD
_si
999 _c18261
_d18261